All Manchester United signing's since 2010/11 - Statistics

General Stats
  • This quiz has been taken 549 times
    527 since last reset
  • The average score is 9 of 17
Answer Stats
Club Signed From/Fee Answer % Correct
Chelsea/£39M Juan Mata
91%
Arsenal/£22.5M Robin Van Persie
84%
Everton/£28.5M Marouane Fellaini
82%
Dortmund/£12M Shinji Kagawa
80%
Blackburn/£16.5M Phil Jones
79%
Aston Villa/£15M Ashley Young
77%
Athletico Madrid/£18.9M David De Gea
76%
Fulham/£10M Chris Smalling
65%
Chivas/£7M Javier Hernandez
60%
Crewe/£3M Nick Powell
55%
Vitesse/£3.9M Alexander Buttner
53%
Vitoria S.C/£7.4M Bebe
41%
Aalesunds/£3.5M Anders Lindegaard
28%
Penarol/£1.5M Guillermo Varela
27%
Exeter/100K Sean Goss
4%
Man City/£0 Frederic Veseli
2%
Standard Liege/£0.22M Marnick Vermijl
1%
No matching quizzes found
Score Distribution
Percent of People with Each Score
Percentile by Number Answered
Your Score History
You have not taken this quiz since the last reset